Groovy Greeks / (Record no. 5626)
[ view plain ]
| 000 -LEADER | |
|---|---|
| fixed length control field | 01023nam a22002537a 4500 |
| 001 - CONTROL NUMBER | |
| control field | 5626 |
| 003 - CONTROL NUMBER IDENTIFIER | |
| control field | FISKH |
| 005 - DATE AND TIME OF LATEST TRANSACTION | |
| control field | 20250108091053.0 |
| 008 - FIXED-LENGTH DATA ELEMENTS--GENERAL INFORMATION | |
| fixed length control field | 250108b cb ||||| |||| 00| 0 eng d |
| 020 ## - INTERNATIONAL STANDARD BOOK NUMBER | |
| International Standard Book Number | 9780439944021 |
| 040 ## - CATALOGING SOURCE | |
| Original cataloging agency | FISKH |
| Language of cataloging | eng |
| Transcribing agency | FISKH |
| Modifying agency | FISKH |
| 050 ## - LIBRARY OF CONGRESS CALL NUMBER | |
| Classification number | PS430 |
| 082 ## - DEWEY DECIMAL CLASSIFICATION NUMBER | |
| Classification number | 938 |
| 100 ## - MAIN ENTRY--PERSONAL NAME | |
| Personal name | Deary, Terry |
| 245 ## - TITLE STATEMENT | |
| Title | Groovy Greeks / |
| Statement of responsibility, etc. | by Terry Deary : Illustrated by Martin Brown |
| 260 ## - PUBLICATION, DISTRIBUTION, ETC. | |
| Place of publication, distribution, etc. | New York : |
| Name of publisher, distributor, etc. | Sholastic ; |
| Date of publication, distribution, etc. | 1996. |
| 300 ## - PHYSICAL DESCRIPTION | |
| Extent | 140 pages : |
| Other physical details | illustrations ; |
| Dimensions | 21 cm . |
| 490 ## - SERIES STATEMENT | |
| Series statement | Horrible Histories |
| 520 ## - SUMMARY, ETC. | |
| Summary, etc. | All the most horrible facts about the Groovy Greeks ready for readersto uncover, including why girls ran about naked pretending tobe bears, who had the world's first flushing toilet and why dedicateddoctors tasted their patients' ear wax. These bestsellingtitles are sure to be a huge hit with yet another generation of TerryDeary fans. |
| 650 ## - SUBJECT ADDED ENTRY--TOPICAL TERM | |
| Topical term or geographic name entry element | Ancient Greece |
| Form subdivision | non-fiction |
| 700 ## - ADDED ENTRY--PERSONAL NAME | |
| Personal name | Brown, Martin |
| Relator term | illustrator |
| 942 ## - ADDED ENTRY ELEMENTS (KOHA) | |
| Source of classification or shelving scheme | Dewey Decimal Classification |
| Koha item type | Books |
| Suppress in OPAC | No |
| Withdrawn status | Lost status | Source of classification or shelving scheme | Damaged status | Not for loan | Collection | Home library | Current library | Shelving location | Date acquired | Total Checkouts | Full call number | Barcode | Date last seen | Date last checked out | Price effective from | Koha item type |
|---|---|---|---|---|---|---|---|---|---|---|---|---|---|---|---|---|
| Dewey Decimal Classification | Non-Fiction | Footprints International School Library Network Toul Tom Poung Campus | Footprints International School Library Network Toul Tom Poung Campus | TTP Secondary Non-Fiction Bookshelves | 01/08/2025 | 2 | DEA 938 PS430 | FIS05400 | 04/09/2026 | 03/25/2026 | 01/08/2025 | Books |
